000 00432nam a2200181Ia 4500
001 23522
005 20260414150943.0
008 260414t2012||||xx |||||||||||||| ||spa||
041 _aESP
082 _a660.2812
_bS57
100 _aSinnott, Ray
_eAUT
245 0 _aDiseño en ingeniería química
_b
260 _c2012
300 _axxi, 1255 páginas :
_c25 cm.
650 _aTCA
654 _aCII
942 _cLIB
_dJUS
_fJUS
_2ddc
_n
999 _c23522
_d23522